| 000 | 01638nam a2200373Ia 4500 | ||
|---|---|---|---|
| 001 | ebr10112665 | ||
| 003 | CaPaEBR | ||
| 006 | m u | ||
| 007 | cr cn||||||||| | ||
| 008 | 040120s2003 txua sb 001 0 eng d | ||
| 020 | _z0738453404 | ||
| 040 |
_aCaPaEBR _cCaPaEBR |
||
| 035 | _a(OCoLC)137342201 | ||
| 050 | 1 | 4 |
_aTK5105.597 _b.I47 2003eb |
| 082 | 0 | 4 |
_a004.6 _222 |
| 245 | 0 | 0 |
_aImplementing IBM Tivoli Remote Control across firewalls _h[electronic resource] / _c[Edson Manoel ... et al.]. |
| 250 | _a1st ed. | ||
| 260 |
_aAustin, TX : _bIBM, International Technical Support Organization, _cc2003. |
||
| 300 |
_axviii, 204 p. : _bill. |
||
| 490 | 1 | _aIBM redbooks | |
| 500 | _a"This edition applies to the following products: IBM Tivoli Remote Control 3.8, IBM Tivoli Management Framework 4.1, and Tivoli Firewall Security Toolbox 1.3"--verso t.p. | ||
| 500 | _a"April 2003." | ||
| 500 | _a"SG24-6944-00." | ||
| 504 | _aIncludes bibliographical references (p. 199-200) and index. | ||
| 533 |
_aElectronic reproduction. _bPalo Alto, Calif. : _cebrary, _d2009. _nAvailable via World Wide Web. _nAccess may be limited to ebrary affiliated libraries. |
||
| 650 | 0 |
_aComputer networks _xRemote access. |
|
| 650 | 0 | _aFirewalls (Computer security) | |
| 655 | 7 |
_aElectronic books. _2local |
|
| 700 | 1 | _aManoel, Edson. | |
| 710 | 2 |
_aInternational Business Machines Corporation. _bInternational Technical Support Organization. |
|
| 710 | 2 | _aebrary, Inc. | |
| 830 | 0 | _aIBM redbooks. | |
| 856 | 4 | 0 |
_uhttp://site.ebrary.com/lib/rucke/Doc?id=10112665 _zAn electronic book accessible through the World Wide Web; click to view |
| 999 |
_c211145 _d211145 |
||